000 00537nam a22001577a 4500
008 110816t xxu||||| |||| 00| 0 eng d
040 _aBUAC
_cCDIRSP
041 _aFr
100 _aAgence des Etats- Unis pour le Développement International (USAID)
_918299
245 _aPérenniser la Qualité des soins de santé
_b : l'institutionnalisation de l'Assurance de Qualité
_c / USAID, AQ
260 _aUSA :
_bAQ,
_c2002
300 _a60 p.
650 _aAssurance qualité
_918300
653 _aQualité soins santé
942 _cLIVR
999 _c49640
_d49640